Le mystère d'Alexandre I / (Record no. 102519)
[ view plain ]
| 000 -LEADER | |
|---|---|
| campo de control de longitud fija | 00669nam a2200193 i 4500 |
| 001 - NÚMERO DE CONTROL | |
| campo de control | 102519 |
| 003 - IDENTIFICADOR DE NÚMERO DE CONTROL | |
| campo de control | ES-MaACL |
| 005 - FECHA Y HORA DE LA ÚLTIMA TRANSACCIÓN | |
| campo de control | 20260316165933.0 |
| 007 - CAMPO FIJO DE DESCRIPCIÓN FÍSICA--INFORMACIÓN GENERAL | |
| campo de control de longitud fija | t| |
| 008 - DATOS DE LONGITUD FIJA--INFORMACIÓN GENERAL | |
| campo de control de longitud fija | 051111s1922 fr ||||1| fre d |
| 100 1# - ENTRADA PRINCIPAL--NOMBRE DE PERSONA | |
| Nombre de persona | Merezhkovsky, Dmitry Sergeyevich. |
| 9 (RLIN) | 80486 |
| 245 13 - MENCIÓN DEL TÍTULO | |
| Título | Le mystère d'Alexandre I / |
| Mención de responsabilidad, etc. | Dimitry Merejkowsky ; traduit du russe par E. Halperine-Kaminsky. |
| 260 ## - PUBLICACIÓN, DISTRIBUCIÓN, ETC. | |
| Lugar de publicación, distribución, etc. | Coulommiers : |
| Nombre del editor, distribuidor, etc. | [s.n.], |
| Fecha de publicación, distribución, etc. | 1922 ( |
| Fabricante | P. Brodard) |
| 300 ## - DESCRIPCIÓN FÍSICA | |
| Extensión | IV, 310 p. ; |
| Dimensiones | 19 cm. |
| 600 04 - PUNTO DE ACCESO ADICIONAL DE MATERIA--NOMBRE DE PERSONA | |
| Nombre de persona | Alejandro |
| Numeración | I, |
| Títulos y otros términos asociados al nombre | Emperador de Rusia |
| 9 (RLIN) | 19701 |
| 700 1# - ENTRADA AGREGADA--NOMBRE PERSONAL | |
| Nombre de persona | Gal'perin-Kaminskij, Il'â Danilovic, |
| Fechas asociadas al nombre | 1858-1936 |
| 9 (RLIN) | 127773 |
| 852 ## - LOCALIZACIÓN | |
| Ubicación | ES-MaACL |
| Número de control de estantería | F-4875 |
| Estatus retirado | Estado de pérdida | Estado de daño | No para préstamo | Biblioteca de origen | Biblioteca actual | Ubicación en estantería | Fecha de adquisición | Fuente de adquisición | Total de préstamos | Signatura topográfica completa | Código de barras | Visto por última vez | Precio de reemplazo | Tipo de ítem Koha |
|---|---|---|---|---|---|---|---|---|---|---|---|---|---|---|
| Biblioteca del Ateneo de Madrid | Biblioteca del Ateneo de Madrid | Depósito 2 | 17/01/2008 | F-4875 | 1107015 | 23/02/2023 | 23/02/2023 | Libro impreso |
